| 000 | 02205nam0a2200385 4500 | ||
|---|---|---|---|
| 001 | RU\NLR\BIBL_A\011761840 | ||
| 005 | 20190531111000.0 | ||
| 010 |
_a978-5-392-28172-5 _9300 |
||
| 021 |
_aRU _bКН-П-18-047473 _9КН-П-18-3424 |
||
| 035 | _a(NLR Aleph) 011761840 | ||
| 035 | _a(RuMoRGB)009658787 | ||
| 090 |
_a11680667 _c11680667 |
||
| 100 | _a20180801d2018 k y0rusy50 ca | ||
| 101 | 0 |
_arus _deng |
|
| 102 | _aRU | ||
| 105 | _aa|||j|||000zy | ||
| 200 | 1 |
_aУправление качеством _dQuality control _eучебник _e[эволюция методов менеджмента качества, качество, показатели качества, управление качеством, принципы всеобщего управления на основе качества, инструменты статистического контроля качества, методы уменьшения вариаций, элементы теории надежности] _fС. Я. Гродзенский _zeng |
|
| 205 | _a2-е изд., перераб. и доп. | ||
| 210 |
_aМосква _cПроспект _d2018 |
||
| 215 |
_a318 с. _cил., табл. _d22 |
||
| 300 | _aАвт. также на англ. яз.: S.Y. Grodzenskiy | ||
| 300 | _aНа обороте тит. л. авт.: Гродзенский С.Я., д.т.н., проф., д.чл. Акад. проблем качества | ||
| 300 | _aНа обл.: 2-е изд. | ||
| 300 | _aРез. англ. | ||
| 320 | _aБиблиогр.: с. 311-314 (69 назв.) и в подстроч. примеч. | ||
| 510 | 1 |
_6z11790 _aQuality control _zeng |
|
| 606 | 1 |
_aКачество продукции _xУправление _jУчебники для высших учебных заведений _2nlr_sh1 _2nlr_sh2 _3RU\NLR\AUTH\66317705 |
|
| 686 | 1 | _aУ9(2)-823.2-21я73 | |
| 700 | 1 |
_aГродзенский _bС. Я. _f1944- _gСергей Яковлевич _3RU\NLR\AUTH\770192874 |
|
| 790 | 1 |
_6z11510 _aGrodzenskij _bS. J. _f1944- _gSergej Jakovlevič _3RU\NLR\AUTH\770192880 |
|
| 942 | _cBOOK | ||
| 980 | _aNBR | ||
| 980 | _aNB | ||